Images That Rhyme with 'REAL' Quiz Stats

 Plays Quiz Updated Jan 30, 2019

     
Support Sporcle.
Go Orange.
Score 0/24 Timer 03:00
4 Plays Today
% Correct
wheel
98.4%
seal
98.3%
peel
95.9%
heel
93.7%
reel
93.1%
teal
92.1%
meal
89.4%
kneel
87%
eel
85.8%
steal
85.2%
steel
84.2%
Neil (Patrick Harris)
81.1%
% Correct
heal
74.9%
Deal (or no Deal)
73.9%
veal
71.7%
squeal
69.3%
feel
62%
peal
56.8%
(Jessica) Biel
55.3%
keel
54.7%
Neal (Caffrey)
35.3%
weal
24.4%
creel
17.4%
stele
4.1%

From the Vault

World Capital Math

by Magnavox

On the plus side, this should help you learn your world capitals.
Remove Ads.
Support Sporcle.
Get the best of Sporcle when you Go Orange. This ad-free experience offers more features, more stats, and more fun while also helping to support Sporcle. Thank you for becoming a member.

Show Comments

Extras

Top Quizzes Today


Score Distribution

Your Account Isn't Verified!

In order to create a playlist on Sporcle, you need to verify the email address you used during registration. Go to your Sporcle Settings to finish the process.

Report this User

Report this user for behavior that violates our Community Guidelines.

Details: